000 00519nam a2200205Ia 4500
005 20250508161115.0
008 008 250505s9999 xx 000 0 eng d
037 _aTextual
040 _aFEDL
_beng
_cFEDL
041 _aeng
_2eng
084 _a796, YMC
_qFEDL
245 0 _aRules of games and sports
245 0 _cYMCA
250 _a14
260 _aNew Delhi, India
_bYMCA Publishing House
_c1954
300 _a374p
365 _aINR
_b4
942 _cTEXL
_h796, YMC
999 _c1368463
_d1368463